Quizzes
Events
Quiz Creation
Community
Videos
Private Events
Remove Ads
Sign In
Join for FREE
Feedback
Dark Mode
Quiz Categories
Sports
Geography
Music
Movies
Television
Just For Fun
Miscellaneous
History
Literature
Language
Science
Gaming
Entertainment
Religion
Holiday
For Kids
Quiz Lab
Recent
Popular Today
Quiz Kudos Today
Editor Picks
Curator Picks
Quizzes by...
Day
Popularity
Type
Ratings
Length
Year
Community
Subscriptions
Recent Discussions
Orange Saloon
Badges
Playlists
Quests
Create
Leaderboards
Showdown
Live 5
Trivia Bingo
Activity
Puzzle Library
Sporcle Events
Private Events
Virtual Trivia
Globe League
Become a Host
Pub Owners
SporcleCon
Opinionation
Our Games
Videos
Blog
Mobile Apps
Partnerships
Remove Ads and Go Orange
Feedback
Movies
Disney
Marvel Cinematic Universe
Movie Resume
Movie Titles
Oscar
Actor
Actress
Director
Pixar
Role
Movie Quotes
Movie Characters
Box Office
Nominee
Best Picture
Star Wars
James Bond
Horror Movies
Movies
Disney
Marvel Cinematic Universe
Movie Resume
Movie Titles
Oscar
Actor
Actress
Director
Pixar
Role
Movie Quotes
Movie Characters
Box Office
Nominee
Best Picture
Star Wars
James Bond
Horror Movies
Random Quiz
Search Sporcle
×
Quiz Lab
Quiz Lab
Movies
Best Picture
Type in answers that appear in a list
Type in answers that appear in a list
Classic
Best Score? Go Orange.
Top 100 Movies (according to IMDb ratings) Stats
Can you name the Top 100 Movies (according to IMDb ratings)
By
henni
15m
100 Questions
297 Plays
297 Plays
297 Plays
Comments
Comments
Give Quiz Kudos
Give Quiz Kudos
-
- Ratings
hide this ad
Replay
Link that replays current quiz
Next Quiz
Link to next quiz in quiz playlist
You Got
0%
They Got
Avg Score
38%
Avg Friend Score
Upgrade to see
Score Distribution
Jump to the score distribution portion of the page
Score
0/100
Timer
15:00
0
Plays Today
Year
Film
% Correct
2002
City of God
92.3%
1972
The Godfather
91.6%
1994
The Shawshank Redemption
87.9%
1974
The Godfather: Part II
77.1%
1994
Pulp Fiction
73.7%
2003
The Lord of the Rings: The Return of the King
73.7%
2008
The Dark Knight
73.4%
1977
Star Wars: Episode IV - A New Hope
71.7%
1994
Forrest Gump
69.7%
1993
Schindler's List
67%
1990
Goodfellas
66.3%
1942
Casablanca
66.3%
1994
The Lion King
66.3%
1980
Star Wars: Episode V - The Empire Strikes Back
66%
2002
The Lord of the Rings: The Two Towers
63.6%
2001
The Lord of the Rings: The Fellowship of the Ring
63%
2010
Inception
60.6%
1998
Saving Private Ryan
57.9%
1999
American Beauty
55.2%
1999
Fight Club
53.9%
1960
Psycho
53.9%
1995
Se7en
52.2%
1966
The Good, the Bad and the Ugly
51.5%
1984
Once Upon a Time in America
51.5%
1983
Star Wars: Episode VI - Return of the Jedi
50.5%
2000
Gladiator
50.2%
1980
The Shining
49.2%
1957
12 Angry Men
47.8%
1975
One Flew Over the Cuckoo's Nest
47.8%
1991
The Silence of the Lambs
47.5%
1981
Raiders of the Lost Ark
47.5%
1941
Citizen Kane
47.5%
2012
The Dark Knight Rises
46.8%
1999
The Matrix
46.5%
Year
Film
% Correct
1976
Taxi Driver
46.5%
1946
It's a Wonderful Life
46.1%
2010
Toy Story 3
45.5%
1979
Apocalypse Now
44.8%
2006
The Departed
44.8%
1958
Vertigo
44.1%
1971
A Clockwork Orange
43.1%
1979
Alien
42.8%
1992
Reservoir Dogs
42.8%
1954
Rear Window
41.8%
1995
Braveheart
41.8%
1959
North by Northwest
39.7%
1968
Once Upon a Time in the West
39.4%
1991
Terminator 2: Judgment Day
36.4%
1985
Back to the Future
36.4%
2012
Django Unchained
36.4%
1952
Singin' in the Rain
35.7%
2000
Memento
35.4%
1968
2001: A Space Odyssey
35.4%
1986
Aliens
35%
1995
The Usual Suspects
33%
1954
Seven Samurai
32.3%
2008
Wall-E
32.3%
1987
Full Metal Jacket
32.3%
1962
Lawrence of Arabia
32.3%
1997
Life Is Beautiful
30.6%
1936
Modern Times
30%
1931
M
30%
1964
Dr. Strangelove or: How I Learned to Stop Worrying and Love the Bomb
28.3%
1999
The Green Mile
28.3%
1931
City Lights
27.3%
1974
Chinatown
27.3%
2002
The Pianist
26.9%
1940
The Great Dictator
26.6%
Year
Film
% Correct
1949
The Third Man
25.6%
1984
Amadeus
24.6%
1998
American History X
24.2%
2001
Spirited Away
23.9%
1959
Some Like It Hot
23.6%
2006
The Prestige
23.2%
1950
Sunset Blvd.
21.9%
1997
L.A. Confidential
21.9%
1973
The Sting
21.5%
1962
To Kill a Mockingbird
21.2%
1950
All About Eve
20.2%
1927
Metropolis
19.5%
1960
The Apartment
19.5%
2001
Amelie
19.2%
1994
Leon: The Professional
17.5%
2004
Eternal Sunshine of the Spotless Mind
16.5%
1981
Das Boot
16.5%
2000
Requiem for a Dream
16.2%
2003
Oldboy
15.2%
1957
Paths of Glory
14.8%
2013
Gravity
14.5%
1997
Princess Mononoke
14.1%
2006
The Lives of Others
13.1%
1944
Double Indemnity
12.5%
1948
The Treasure of the Sierra Madre
12.1%
2011
The Intouchables
11.8%
1975
Monty Python and the Holy Grail
11.4%
1988
Grave of the Fireflies
11.4%
1950
Rashomon
7.7%
1988
Cinema Paradiso
6.1%
1948
Bicycle Thieves
4.4%
1957
Witness for the Prosecution
3.4%
Quiz Playlist
Details
Report
Send in Message
Add To Playlist
Classic:
Type in answers that appear in a list
Last Updated: Feb 16, 2017
Quiz Scoreboard
CHALLENGE
Sign Up to Join the Scoreboard
Show All
Scores
Hide
Comments
May contain spoilers
Recently Published
Alphabetical 'K' Countries by Flag Minefield
by ylime102
Geography
3m
Pick 6: Fruits
by JohnFran
Miscellaneous
15s
Click the 1999 NBA Draft
by nibperrychub
Sports
2m
More to Explore
Quiz From the Vault
Featured Blog Post
15 Basketball Trivia Facts You Can Be March Mad About
hide this ad
You Might Also Like...
Tags
Best Picture Quiz
Movie Titles Quiz
chart
Chart Topping
Film Critics
Filmography
Movie Award
Top-ranked
Top-rated
Top 100
Today's Top Quizzes in Movies
Browse Movies
hide this ad
Today's Top Quizzes in Best Picture
Browse Best Picture
Top Contributed Quizzes in Movies
1
Pick 6: Harry Potter
2
Pick 6: Movie Franchises
3
Pick 6: Actors
4
Pick 6: Actresses
5
Pick 6: Disney Princesses
6
Match The President To The Fictional Crisis
7
Marvel Movies: Who Wants to be a Millionaire? HARD
8
10 Quentin Tarantino Movies in Order
9
Movies of the Seasons
10
MCU Criteria: Avengers
Explore More
Trending Topics
Crossword
Disney
Anime
Harry Potter
Marvel
NBA
Kpop
WWE
Country
The Office
Pokémon
Soccer
NFL
Song
Puzzle
hide this ad
More By:
henni
Quiz
Plays
Rating
Category
Featured
Created
Top 25 International Football Teams (FIFA Rankings)
742
4.25
Sports
Nov 12, 2013
Top 25 UEFA Football Clubs
488
1.29
Sports
Nov 12, 2013
Top 100 Movies (according to IMDb ratings)
297
2.50
Movies
Nov 12, 2013
Countries that/will have hosted the FIFA World Cup
173
4.00
Sports
Nov 13, 2013
Name the 6 James Bonds
155
1.29
Movies
Nov 13, 2013
Go to Creator's Profile
Score Distribution
Quiz Creator Spotlight
henni
Follow
Send a Message
Quizzes Created
-
Created Quiz Play Count
-
More By This Creator
Popular Quizzes Today
1
Find the US States - No Outlines Minefield
2
Countries of Asia Without Outlines Minefield
3
Pick 6: Fruits
4
The Countries of the World
5
Alphabetical 'K' Countries by Flag Minefield
6
Click the 1999 NBA Draft
7
Find the US States
8
Match the Book to the Film X
More Movies Quizzes
Missing Word in Movies: Plants 2
Quiz Lab
Trending Quizzes
Pick 6: Harry Potter
Pick 6: Mountains
Pick 6: NFL Teams
Pick 6: Movie Franchises
Pick 6: Golfers
Recently Updated
Women's Final Four Teams by Year
bhenderson79
Presidents Quartet II
eogle
Anything But Clue(do)
eogle
Anything But Oceanian Capitals
eogle
Anything But 7
eogle
Anything But Thing
eogle
Word Ladder: February 29
pecheneg
Song Title Questions
pecheneg
Women's NCAA Tournament #1 Seeds
pecheneg
Celebrity Mug Shots
pecheneg
Trending Topics
Crossword
NBA
Anime
Disney
Harry Potter
Marvel
Kpop
WWE
Pokémon
Song
Puzzle
Country
The Office
Soccer
NFL
Your Account Isn't Verified!
In order to create a playlist on Sporcle, you need to verify the email address you used during registration. Go to your
Sporcle Settings
to finish the process.
Report this User
Report this user for behavior that violates our
Community Guidelines
.
Details:
Send Report
Go to the Sporcle.com Mobile Site →
Comments